01492nam a2200337 a 450000100100000000500170001000800410002702000150006804000250008304100130010808200260012110000330014724501090018024600310028925000110032026000630033130000210039449000250041550000710044054600340051165000360054565000370058170000490061883000310066791000370069804900090073595201390074495201240088395201300100799900170113700001095420200929162325.0091013s2006 dr 001 0 spa d a1881715566 aDO-SdBNPbspacBNPHU17aspa2eng aPR861.44bP625p, 20061 aPietri, Pedro,d1944-92521810aPuerto Rican obituary = Obituario Puertorriqueña /cPedro Pietri ; traducción Alfredo Matilla Rivas.31aObituario Puertorriqueña a2a ed. aSanto DomingoaSan Juan, Puerto Rico :bIsla Negra,c2006. a143 p. ;c22 cm.1 aEl canon secuestrado aIncluye datos biográficos del autor en la solapa de la cubierta. aTexto en inglés y español 4aPoesía puertorriqueña91015 4aLiteratura puertorriqueña925012aMatilla Rivas, Alfredo,d1937-etrad.926363 0aEl canon secuestrado96917 aValidado. Control de calidad MFF aBNPD 001054708DSaGRbGRcCTd2009-10-13iLF1l0oPR861.44 P625p, 2006p10954-30r2020-06-25te. 3w2020-06-25yLFDSZPréstamo en sala 0010718PDaPDbPDcHDd2009-10-13iLF1l0oPR861.44 P625p, 2006p10954-10r2020-06-25w2020-06-25yLFPDZNo se presta 0010718PDaPDbPDcHDd2009-10-13iLF1l0oPR861.44 P625p, 2006p10954-20r2020-06-25te. 2w2020-06-25yLFPDZNo se presta c10692d10692